[Event "Poznan op 24th"]
[Site "Poznan"]
[Date "2016.08.14"]
[Round "8"]
[White "Leszczynski, Hubert"]
[Black "Bednarska, Malgorzata"]
[Result "1-0"]
[WhiteElo "1772"]
[BlackElo "2037"]
[PlyCount "120"]
[EventDate "2016.08.08"]
[EventType "swiss"]
[EventRounds "9"]
[EventCountry "POL"]
[SourceTitle "EXT 2017"]
[Source "ChessBase"]
[SourceDate "2016.10.25"]
[SourceVersion "1"]
[SourceVersionDate "2016.10.25"]
[SourceQuality "1"]

1. e4 c5 2. f4 d5 3. exd5 Qxd5 4. Nc3 Qd8 5. Nf3 Nc6 6. Bb5 Bd7 7. d4 cxd4 8. Nxd4 e6 9. Be3 Nf6 10. Qf3 Nxd4 11. Bxd4 Bxb5 12. Nxb5 Qa5+ 13. Nc3 0-0-0 14. 0-0-0 Bb4 15. Kb1 Rd7 16. a3 Be7 17. Rd3 Rhd8 18. Rhd1 Qh5 19. Qf1 b6 20. Be5 Rxd3 21. Rxd3 Kb7 22. Nb5 Nd5 23. c4 Ne3 24. Rxd8 Bxd8 25. Qd3 Qd1+ 26. Qxd1 Nxd1 27. Nd6+ Kc6 28. Nxf7 Bf6 29. b3 Ne3 30. Ng5 Kd7 31. g3 Bxe5 32. fxe5 Ng4 33. Nf3 Nf2 34. Kc2 h6 35. Kc3 Ne4+ 36. Kd4 Nc5 37. b4 Nb7 38. Ke4 Nd8 39. Nd4 Nf7 40. h4 Nd8 41. Nb5 a6 42. Nd6 Nc6 43. g4 Ne7 44. h5 Nc6 45. Kf4 Nd4 46. b5 a5 47. Ne4 Nc2 48. a4 Ne1 49. Ke3 Nc2+ 50. Kd3 Ne1+ 51. Ke2 Nc2 52. c5 bxc5 53. Nxc5+ Ke7 54. Nb3 Kd7 55. Nxa5 Nb4 56. Nc4 Nd5 57. Kd3 Kc7 58. Kd4 Nf4 59. a5 Nd5 60. Kc5 Nc3 1-0

[Event "Poznan op"]
[Site "Poznan"]
[Date "2012.??.??"]
[Round "1"]
[White "Leszczynski, Hubert"]
[Black "Stoklosa, Stanislaw"]
[Result "1-0"]
[WhiteElo "1846"]
[BlackElo "1318"]
[PlyCount "35"]
[EventDate "2012.07.14"]
[EventType "swiss"]
[EventRounds "9"]
[EventCountry "POL"]
[SourceTitle "CBM 149 Extra"]
[Source "ChessBase"]
[SourceDate "2012.08.24"]
[SourceVersion "1"]
[SourceVersionDate "2012.08.24"]
[SourceQuality "1"]

1. e4 e6 2. d4 d5 3. Nc3 c5 4. exd5 exd5 5. Nf3 Nf6 6. Bb5+ Bd7 7. 0-0 Be7 8. dxc5 Bxc5 9. Re1+ Be7 10. Qe2 Nc6 11. Bxc6 bxc6 12. Bg5 0-0 13. Qxe7 Qxe7 14. Rxe7 Bf5 15. Bxf6 gxf6 16. Nd4 Bg6 17. Nxc6 Bxc2 18. Nxd5 1-0

[Event "Poznan op-B 16th"]
[Site "Poznan"]
[Date "2007.07.28"]
[Round "8.3"]
[White "Jedrzejewski, Kamil"]
[Black "Leszczynski, Hubert"]
[Result "1-0"]
[WhiteElo "1951"]
[BlackElo "1846"]
[PlyCount "73"]
[EventDate "2007.07.21"]
[EventType "swiss"]
[EventRounds "9"]
[EventCountry "POL"]
[SourceTitle "EXT 2023"]
[Source "ChessBase"]
[SourceDate "2022.10.05"]
[SourceVersion "1"]
[SourceVersionDate "2022.10.05"]
[SourceQuality "1"]

1. e4 c6 2. d4 d5 3. exd5 cxd5 4. Bd3 Nc6 5. c3 Nf6 6. h3 a6 7. Bf4 e6 8. Nf3 b5 9. 0-0 Bb7 10. Nbd2 Na5 11. Ne5 Nc4 12. Rb1 Be7 13. b3 Nxe5 14. Bxe5 b4 15. cxb4 Bxb4 16. a3 Bd6 17. Re1 Qd7 18. Re3 Ke7 19. b4 Bc6 20. Nb3 Bb5 21. Nc5 Bxc5 22. bxc5 Rhc8 23. Bxb5 axb5 24. Reb3 Ne4 25. f3 f6 26. Bh2 Nxc5 27. dxc5 Rxc5 28. Qd3 Rac8 29. Bf4 Qa7 30. Be3 d4 31. Qxd4 Rc1+ 32. Rxc1 Rxc1+ 33. Kh2 Qc7+ 34. Bf4 e5 35. Qb4+ Rc5 36. Be3 e4+ 37. f4 1-0

[Event "Poznan op-B 16th"]
[Site "Poznan"]
[Date "2007.07.25"]
[Round "5.9"]
[White "Leszczynski, Hubert"]
[Black "Bajerlein, Dawid"]
[Result "1-0"]
[WhiteElo "1846"]
[BlackElo "1959"]
[PlyCount "75"]
[EventDate "2007.07.21"]
[EventType "swiss"]
[EventRounds "9"]
[EventCountry "POL"]
[SourceTitle "EXT 2023"]
[Source "ChessBase"]
[SourceDate "2022.10.05"]
[SourceVersion "1"]
[SourceVersionDate "2022.10.05"]
[SourceQuality "1"]

1. e4 c6 2. d4 d5 3. e5 Bf5 4. h4 h6 5. g4 Bd7 6. Bd3 Qb6 7. c3 e6 8. f4 c5 9. Nf3 Nc6 10. dxc5 Bxc5 11. Qe2 0-0-0 12. b4 Be7 13. Be3 Qc7 14. a4 f6 15. a5 fxe5 16. b5 Nxa5 17. Nxe5 Be8 18. Bxa7 Bf6 19. Bd4 b6 20. Nd2 Kb7 21. Ndf3 Be7 22. 0-0 Nf6 23. Nc6 Bxc6 24. bxc6+ Nxc6 25. Ne5 Ra8 26. Ba6+ Kb8 27. Nxc6+ Qxc6 28. Rab1 Bc5 29. Kg2 Ra7 30. Bb5 Qc8 31. Qe5+ Ka8 32. Ra1 Bxd4 33. Rxa7+ Kxa7 34. Ra1+ Kb7 35. Qd6 Qxc3 36. Ba6+ Ka8 37. Bc8+ Qxa1 38. Qc6+ 1-0

[Event "Poznan op-B 16th"]
[Site "Poznan"]
[Date "2007.07.24"]
[Round "4.15"]
[White "Chojnacka, Magdalena"]
[Black "Leszczynski, Hubert"]
[Result "0-1"]
[WhiteElo "1846"]
[BlackElo "1846"]
[PlyCount "138"]
[EventDate "2007.07.21"]
[EventType "swiss"]
[EventRounds "9"]
[EventCountry "POL"]
[SourceTitle "EXT 2023"]
[Source "ChessBase"]
[SourceDate "2022.10.05"]
[SourceVersion "1"]
[SourceVersionDate "2022.10.05"]
[SourceQuality "1"]

1. e4 c6 2. d4 d5 3. exd5 cxd5 4. c4 Nf6 5. Nc3 Nc6 6. cxd5 Nxd5 7. Bb5 e6 8. Qa4 Qb6 9. Nxd5 exd5 10. Ne2 Bd6 11. 0-0 0-0 12. Be3 Be6 13. Rac1 Ne7 14. Qb3 Rfc8 15. h3 Qd8 16. Bf4 a6 17. Bd3 b5 18. Bxd6 Qxd6 19. Rc2 Rxc2 20. Bxc2 Rc8 21. Ng3 Qf4 22. Qd3 g6 23. Bb1 Rc4 24. Qa3 b4 25. Qxa6 Qxd4 26. b3 Rc8 27. Ne2 Qd2 28. Bd3 Rc7 29. Nd4 Bxh3 30. gxh3 Rc3 31. Qb5 Rxd3 32. Qb8+ Kg7 33. Qe5+ Kh6 34. Qxe7 Rxd4 35. Qf8+ Kh5 36. Qxf7 h6 37. Qf3+ Kg5 38. Kh1 Rf4 39. Qg3+ Kf5 40. Rg1 g5 41. Rf1 Qe2 42. Kg1 Qe4 43. Rd1 Ke5 44. Qe3 Qxe3 45. fxe3 Rf3 46. Rd4 Rxe3 47. Rxb4 d4 48. Kf2 Rxh3 49. a4 Rh2+ 50. Ke1 Ke4 51. Rb6 Ke3 52. Re6+ Kd3 53. a5 Ra2 54. b4 Kc4 55. a6 Kb5 56. Rxh6 Rxa6 57. Rh5 Rg6 58. Kd2 Kxb4 59. Kd3 Kc5 60. Rh8 g4 61. Rc8+ Kd5 62. Rd8+ Ke5 63. Rxd4 g3 64. Re4+ Kf5 65. Re1 g2 66. Rg1 Kf4 67. Ke2 Kg3 68. Ke3 Re6+ 69. Kd2 Kh2 0-1

[Event "Poznan op-B 16th"]
[Site "Poznan"]
[Date "2007.07.21"]
[Round "1.20"]
[White "Leszczynski, Hubert"]
[Black "Starzynski, Waldemar"]
[Result "0-1"]
[WhiteElo "1846"]
[BlackElo "1899"]
[PlyCount "79"]
[EventDate "2007.07.21"]
[EventType "swiss"]
[EventRounds "9"]
[EventCountry "POL"]
[SourceTitle "EXT 2023"]
[Source "ChessBase"]
[SourceDate "2022.10.05"]
[SourceVersion "1"]
[SourceVersionDate "2022.10.05"]
[SourceQuality "1"]

1. e4 e6 2. d4 d5 3. Nc3 dxe4 4. Nxe4 Be7 5. Be2 Nf6 6. Bf3 Nbd7 7. Ne2 0-0 8. N2g3 c6 9. 0-0 e5 10. Re1 Nxe4 11. Bxe4 exd4 12. Qxd4 Bf6 13. Qd3 g6 14. c3 Qc7 15. Bh6 Rd8 16. Qc2 Ne5 17. Rad1 Be6 18. Kh1 Ng4 19. Bc1 Rxd1 20. Rxd1 Rd8 21. Rf1 Bc4 22. Re1 Qb6 23. Be3 Nxe3 24. Rxe3 Bxa2 25. Bf3 Bb3 26. Qe4 Bd5 27. Qc2 Bg5 28. Rd3 Bxf3 29. Rxf3 Rd2 30. Qa4 Qa6 31. Qxa6 bxa6 32. h3 Rxb2 33. Ne4 Be7 34. Rd3 Re2 35. Nd2 Rxf2 36. Rd7 Bc5 37. Ne4 Rf1+ 38. Kh2 Bb6 39. Rd6 Bc7 40. Nf6+ 0-1